000 00232nam a2200097Ia 4500
008 190216s9999||||xx |||||||||||||| ||und||
100 _aSudakar Pandey
245 0 _aHindi-Prasad Ki Karilayam
260 _bHindi Pracharak
942 _cBK
999 _c18155
_d18155